The new Keynesian economics /
Saved in:
| Main Author: | |
|---|---|
| Other Authors: | , |
| Format: | Book |
| Language: | English |
| Published: |
Oxford, UK ; Cambridge, USA :
Blackwell,
1994.
|
| Subjects: | |
| Tags: |
Add Tag
No Tags, Be the first to tag this record!
|
| LEADER | 01284pam a2200277 a 4500 | ||
|---|---|---|---|
| 001 | 005459441-3 | ||
| 005 | 20020606163548.3 | ||
| 008 | 940314s1994 enka b 001 0 eng | ||
| 010 | |a 94010303 | ||
| 020 | |a 0631184856 (alk. paper) | ||
| 035 | 0 | |a ocm30109175 | |
| 040 | |a DLC |c DLC |d DLC | ||
| 050 | 0 | 0 | |a HB99.7 |b .B45 1994 |
| 082 | 0 | 0 | |a 330.15/6 |2 20 |
| 100 | 1 | |a Benassi, Corrado. | |
| 245 | 1 | 4 | |a The new Keynesian economics / |c Corrado Benassi, Alessandra Chirco, and Caterina Colombo. |
| 260 | |a Oxford, UK ; |a Cambridge, USA : |b Blackwell, |c 1994. | ||
| 300 | |a xiv, 458 p. ; |b ill. ; |c 24 cm. | ||
| 504 | |a Includes bibliographical references (p. [428]-448) and index. | ||
| 505 | 0 | |a 1. From Keynesian to New Keynesian Economics -- 2. Keynesian Microfoundations in Historical Perspective -- 3. The Labour Market and Real Wage Rigidity -- 4. Credit Rationing and Imperfect Capital Markets -- 5. Real Rigidities in the Goods Market -- 6. Rational Models of Irrational Behaviour -- 7. Price Setting with Adjustment Costs -- 8. Real and Nominal Rigidities: Further Issues -- 9. Co-ordination Failures -- 10. Hysteresis. | |
| 650 | 0 | |a Keynesian economics. | |
| 650 | 0 | |a Macroeconomics. | |
| 700 | 1 | |a Chirco, Alessandra. | |
| 700 | 1 | |a Colombo, Caterina. | |
| 988 | |a 20020608 | ||
| 906 | |0 DLC | ||


